00822nam a22002057a 450000500170000000800410001702000180005805000210007624501330009725000120023026000580024230000320030065000510033265100530038370000360043670000770047270000200054970000260056970000210059520180206125501.0170703b mx ||||| |||| 00| 0 spa d a978607417119804aDC148 bR48 201003aLa revolución francesa : b¿matriz de las revoluciones?c/ Roger Chartier, Robert Darnton, Javier Fernández, Eric van Young a1a ed.  aMéxico, D.F. :bUniversidad Iberoamericana, c2010. a274 p. : bil. ; c22 cm.  72LEMBaRevolucionesxHistoriazAmérica Latina 72LEMBaFranciaxHistoriayRevolución, 1789-17991 aChartier, Roger, d[1945- ]1 aChinchilla, Perla, ecomp. q[Perla de los Ángeles Chinchilla Pawling]1 aDarton, Robert.1 aFernández, Javier. 1 avan Young Eric.